| 000 | 00347nam a2200133Ia 4500 | ||
|---|---|---|---|
| 008 | 150202s9999 xx 000 0 und d | ||
| 020 | _a55380589 | ||
| 050 |
_aFIC _bFIC |
||
| 100 | _aAllende, Isabel. | ||
| 245 |
_aEva Luna / _cIsabel Allende. |
||
| 260 |
_aSpain : _bBantam Books, _c1989. |
||
| 300 |
_a307 pages : _c18 cm. |
||
| 650 | _aFiction. | ||
| 999 |
_c281787 _d281787 |
||